Methods of testing raw rubber & unvulcanized compounded rubber. Part 5. Analysis of styrene-butadiene copolymers (SBR). Section 5.5. Determination of organic acid, soap and solvent extract. (Record no. 73019)

MARC details
000 -LEADER
fixed length control field 00607nam a2200169Ia 4500
245 #0 - TITLE STATEMENT
Title Methods of testing raw rubber & unvulcanized compounded rubber. Part 5. Analysis of styrene-butadiene copolymers (SBR). Section 5.5. Determination of organic acid, soap and solvent extract.
260 ## - PUBLICATION, DISTRIBUTION, ETC. (IMPRINT)
Year of publication 1969
500 ## - GENERAL NOTE
General note Standard number: BS 1673 Part 5/5.5
650 ## - SUBJECT ADDED ENTRY--TOPICAL TERM
Topical Term Organic acid
650 ## - SUBJECT ADDED ENTRY--TOPICAL TERM
Topical Term Raw rubber
650 ## - SUBJECT ADDED ENTRY--TOPICAL TERM
Topical Term Soap
650 ## - SUBJECT ADDED ENTRY--TOPICAL TERM
Topical Term Solvent extract
650 ## - SUBJECT ADDED ENTRY--TOPICAL TERM
Topical Term Styrene butadiene copolymers
650 ## - SUBJECT ADDED ENTRY--TOPICAL TERM
Topical Term Unvulcanised compounded rubber
942 ## - ADDED ENTRY ELEMENTS (KOHA)
Koha item type Standards
Holdings
Withdrawn status Lost status Damaged status Not for loan Collection code Home library Current library Date acquired Koha item type
      Standards British standards RRII Library RRII Library 31/12/2021 Standards